000 00282nam a22001337a 4500
008 170403b xxu||||| |||| 00| 0 eng d
020 _a2900878931872
041 _aeng
080 _a574
100 _a9
101 _aSHM
245 _aEVOLUTION
_cFUTUYMA, D.J
942 _2udc
_cBK
999 _c9550
_d9550